000 00902nam a22003017a 4500
001 BR0604462
003 BR-BrBNA
005 20230928102307.0
007 ta
008 230509b bl.||||| |||| 00| 0 por d
040 _aBR-BrBNA
_bpor
_cBiblioteca Nacional de Agricultura
041 _a(Por)
072 _aE16
_b2120
090 _ 2120 BR0604462
110 1 _aSindicato e Organização das Cooperativas do Estado do Paraná, Curitiba (Brasil)
_99536
245 1 _aCustos de produção de café; sistema de produção adensado; safra 2000/2001
260 3 _aCuritiba, PR (Brasil):
_c2001.
300 _a60 p.
500 _a10 ref.; 36 tables
650 _aCAFÉ
650 _aPRODUÇÃO VEGETAL
650 _aCUSTO DE PRODUÇÃO
650 _aPRODUTIVIDADE
650 _aECONOMIA DA PRODUÇÃO
650 _aMODELO MATEMÁTICO
909 _a202309
_bLucia
_c55
_dLucia Elande
942 _cBK
999 _c70042
_d70042